000
00302nam a22001337a 4500
008
171215b xxu||||| |||| 00| 0 eng d
020
_a
2900781753783
041
_a
eng
080
_2
6TH
_a
610.73
100
_a
2
101
_a
INF
245
_a
APPLYING NURSING PROCESS
_c
LEFEVRE,R.A
942
_2
udc
_c
BK
999
_c
38985
_d
38985